| 000 | 01361nam0a2200313 i 4500 | ||
|---|---|---|---|
| 001 | RU\NLR\BIBL_A\011293634 | ||
| 005 | 20241103104418.0 | ||
| 010 |
_a9785699893065 _94000 |
||
| 021 |
_aRU _b2016-91897 _96065 |
||
| 035 | _a(NLR Aleph) 011293634 | ||
| 090 |
_a10936867 _c10936867 |
||
| 100 | _a20161216d2016 km y0rusy50 ca | ||
| 101 | 0 | _arus | |
| 102 | _aRU | ||
| 105 | _aa z 001zy | ||
| 200 | 1 |
_aЕвропейское исследование: бады, витамины, ГМО, биопродукты _eкак сделать правильный шаг к здоровому долголетию _e[новый взгляд на пищевые продукты] _fАркадий Эйзлер |
|
| 210 |
_aМосква _cЭ _d2016 |
||
| 215 |
_a431, [1] c _cил. _d22 |
||
| 225 | 1 | _aПравильное питание без правил | |
| 333 | _a12+ | ||
| 606 |
_aЗдоровье _xВлияние питания _91187755 _3RU\NLR\AUTH\66478909 |
||
| 606 |
_aБолезни _xЭтиология и патогенез _xРоль питания _91158991 _3RU\NLR\AUTH\66145500 |
||
| 686 | 1 | _aР123.0 | |
| 686 | 1 | _aР252.21 | |
| 700 | 1 |
_7ca _8rus _aЭйзлер _bА. К. _f1937- _gАркадий Кальманович _9266191 _3RU\NLR\AUTH\770266247 |
|
| 942 | _cBOOK | ||
| 980 | _aNBR | ||